| 000 | 01270nmc a2200337 a 4500 | ||
|---|---|---|---|
| 003 | AR-BaBNM | ||
| 005 | 20251128205511.0 | ||
| 008 | 011101s1996 ||||||||||||||000 | spa|| | ||
| 020 | _a950-808-092-2 | ||
| 040 | _cAR-BaBNM | ||
| 100 | 1 | _aBixio, Cecilia | |
| 245 | 1 | 0 |
_aCómo construir proyectos en la EGB _bel proyecto institucional y la planificación estratégica en la escuela ; Cómo construir proyectos en la EGB : el proyecto en el aula, qué, cuándo y cómo. 1-2 |
| 260 |
_aRosario _bHomo Sapiens Ediciones _c1996 |
||
| 300 | 0 |
_ap. irreg. _bdiagr. |
|
| 490 | 0 | _aEducación | |
| 500 | 0 | _aContiene pautas para la elaboración de proyectos según los criterios de evaluación del Ministerio de Cultura y Educación | |
| 500 | 0 | _aContiene en el mismo volumen primera y segunda parte. | |
| 504 | _aContiene bibliografía | ||
| 650 | 4 | _aCURRICULO | |
| 650 | 4 | _aORGANIZACION ESCOLAR | |
| 650 | 4 | _aTOMA DE DECISIONES | |
| 653 | _aPROYECTO INSTITUCIONAL | ||
| 653 | _aPROYECTOS DE AULA | ||
| 653 | _aEDUCACION GENERAL BASICA | ||
| 653 | _aPLANIFICACION INSTITUCIONAL | ||
| 653 | _aGESTION INSTITUCIONAL | ||
| 700 | 1 |
_aAvendaño, Fernando Carlos _eprologuista |
|
| 800 | 1 |
_aAvendaño, Fernando Carlos _edirector |
|
| 942 | _cBK | ||
| 998 | _csilvi | ||
| 999 |
_c11645 _d11645 |
||